[Event "Pereira Cosecha op"]
[Site "Pereira"]
[Date "2024.08.30"]
[Round "5"]
[White "Molano Castano, Martin Rene"]
[Black "Granada, Ferney de Jesus"]
[Result "0-1"]
[WhiteElo "1400"]
[BlackElo "1530"]
[PlyCount "28"]
[EventDate "2024.08.28"]
[EventType "swiss"]
[EventRounds "9"]
[EventCountry "COL"]
[SourceTitle "EXT 2025"]
[Source "ChessBase"]
[SourceDate "2024.10.14"]
[SourceVersion "1"]
[SourceVersionDate "2024.10.14"]
[SourceQuality "1"]

1. e4 c5 2. d4 cxd4 3. Qxd4 Nc6 4. Qd1 Nf6 5. Nc3 e5 6. Nf3 d6 7. Bg5 Be7 8. Nd5 Nxe4 9. Nxe7 Nxe7 10. Bxe7 Qxe7 11. Qd3 Nc5 12. Qb5+ Nd7 13. Qd5 0-0 14. Bc4 Nf6 0-1